000 01066nam a2200265 a 4500
001 000015038
005 20240412074242.0
008 100129s2001 dr r 000 d spa d
040 _aDO-SdBNP
_bspa
_cBNPHU
082 _aRD862.44
_bV635s
100 1 _aVicioso, Sherezada,
_d1948-
_919504
245 1 0 _aSalomé U. : cartas a una ausencia ;
_bWish-ky Sour /
_cSherezada Vicioso (Chiqui).
260 _aSanto Domingo :
_bLibrería La Trinitaria,
_c2001.
300 _a52 , 45 p. ;
_c22 cm.
563 _aDos obras publicadas juntas con paginación separada en encuadernación invertida.
586 _aSalomé U. : cartas a una ausencia. Premio Casandra a la mejor producción teatral.
586 _aTrago Amargo (Wish-ky sour). Premio anual de teatro Cristóbal de Llerena 1996-97.
590 _aInventariado, 2019/BT
650 0 _aTeatro dominicano
_9637
650 0 _aLiteratura dominicana.
_967
700 1 2 _aVicioso, Sherezada,
_d1948-
_919504
740 0 2 _aWhis-ky Sour.
740 0 2 _aY no todo era amor.
910 _aValidado. Control de calidad. MMOLINA
999 _c14611
_d14611